000 00348nam a2200133 i 4500
001 bg
100 1 _aWEISS, Herbert
245 0 _aFizika galvanomagnitnych poluprovodnikowych priborov i ich primenenie /
_cHerbert Weiss.
260 _aMoskva,
_c1974.
040 _cBPK
041 _apol
942 _cKS
008 s pl f |000 0 pol
999 _c16023
_d16023
856 _uhttp://koha.tu.koszalin.pl/cgi-bin/koha/opac-detail.pl?biblionumber=16023
_yKatalog online BPK